000 00258nam a2200109Ia 4500
008 220714s9999 xx 000 0 und d
020 _a0-00-231939-X
082 _aEF JEF
100 _aJeffries, R
_9136581
245 0 _aThree and One Make Five
942 _cBK
_w561
_xJohn Tresidder
_y561
_zJohn Tresidder
999 _c720673
_d720672